MARC

LEADER 00000nam0a2200000 4500
001 27017
005 20231030201959.0
010 |a 5769203811 
035 |a (RuTPU)RU\TPU\book\27263 
035 |a BOOK00027338 
090 |a 27017 
100 |a 20011209d2000 k y0rusy50 ca 
101 0 |a rus 
102 |a RU 
105 |a y z 000zy 
200 1 |a Нелинейное деформирование твердых тел  |e монография  |f С. Н. Коробейников 
210 |a Новосибирск  |c Изд-во СО РАН  |d 2000 
215 |a 262 с. 
320 |a Библиогр.: с. 246-255. 
320 |a Предметный указатель: с. 256-261. 
610 1 |a физика 
610 1 |a твердые тела 
610 1 |a нелинейное деформирование 
610 1 |a сплошная среда 
610 1 |a механика 
610 1 |a упругие материалы 
610 1 |a критические нагрузки 
610 1 |a движение 
610 1 |a дискретные уравнения 
610 1 |a нелинейные задачи 
610 1 |a численные решения 
610 1 |a устойчивость 
610 1 |a монографии 
675 |a 539.37  |v 3 
700 1 |a Коробейников  |b С. Н.  |g Сергей Николаевич 
801 0 |a RU  |b 63413507  |c 20011209  |g PSBO 
801 2 |a RU  |b 63413507  |c 20061114  |g PSBO 
942 |c BK